Bài giảng đánh giá trong giáo dục : Dùng cho các trường Đại học sư phạm và Cao đẳng sư phạm

Tài liệu này đề cập chủ yếu đến việc đánh giá kiến thức,kỹ năng,thái độ của học sinh trong quá trình dạy học và giáo dục.

Salvato in:
Dettagli Bibliografici
Autore principale: Trần, Bá Hoành
Natura: Libro
Lingua:Undetermined
Pubblicazione: Hà Nội Giáo dục 1996
Soggetti:
Tags: Aggiungi Tag
Nessun Tag, puoi essere il primo ad aggiungerne! !
Thư viện lưu trữ: Trung tâm Học liệu Trường Đại học Cần Thơ
LEADER 00952nam a2200229Ia 4500
001 CTU_139982
008 210402s9999 xx 000 0 und d
082 |a 370.13 
082 |b H408 
100 |a Trần, Bá Hoành 
245 0 |a Bài giảng đánh giá trong giáo dục : 
245 0 |b Dùng cho các trường Đại học sư phạm và Cao đẳng sư phạm 
245 0 |c Trần Bá Hoành 
260 |a Hà Nội 
260 |b Giáo dục 
260 |c 1996 
520 |a Tài liệu này đề cập chủ yếu đến việc đánh giá kiến thức,kỹ năng,thái độ của học sinh trong quá trình dạy học và giáo dục. 
526 |a Đánh giá kết quả học tập Ngữ văn và Khoa học Xã hội 
526 |b SG423 
650 |a Education,Giáo dục 
904 |i Tuyến 
980 |a Trung tâm Học liệu Trường Đại học Cần Thơ